[Event "FIDE World Cup"]
[Site "Khanty-Mansiysk"]
[Date "2005.12.01"]
[Round "2.2"]
[White "Korneev, Oleg"]
[Black "Tiviakov, Sergei"]
[Result "1/2-1/2"]
[WhiteElo "2599"]
[BlackElo "2700"]
[Annotator "Tiviakov,S"]
[PlyCount "53"]
[EventDate "2005.11.27"]
[EventType "k.o."]
[EventRounds "7"]
[EventCountry "RUS"]
[SourceTitle "CBM 111"]
[Source "ChessBase"]
[SourceDate "2006.04.04"]
[SourceVersion "1"]
[SourceVersionDate "2006.04.04"]
[SourceQuality "1"]

1. e4 d5 2. exd5 Qxd5 3. Nf3 Bg4 4. Be2 Nf6 5. d4 e6 6. O-O (6. h3 Bh5 7. c4 (
7. O-O c6 $5 {- 6.0-0 c6 7.h3 Bh5}) 7... Qd8 (7... Qd7 8. g4 Bg6 9. Ne5 $14 {|^
}) 8. Qb3 Qc8 9. Nc3 Be7 10. Be3 $146 (10. g4 Bg6 11. Ne5 $14 c5 (11... Nfd7
12. Nxg6 hxg6 13. Bf3 Nc6 14. Be3 Rb8 15. O-O-O a6 16. d5 exd5 17. cxd5 Nd8 18.
Ba7 Ra8 19. Rhe1 O-O 20. Rxe7 Rxa7 21. g5 Nc5 22. Qc4 b6 23. Bg4 Qb8 24. b4 Na4
25. Nxa4 b5 26. Qc5 bxa4 27. Rde1 Qb5 28. Rd7 Qxc5+ 29. bxc5 {1-0 Dominguez,
L-Alvarez,J/Cuba 1999/EXT 2004 (29)}) (11... Nbd7 $2 12. g5 Ng8 13. Nxd7 $18)
12. d5 O-O 13. g5 Nfd7 14. Nxg6 hxg6 15. Be3 exd5 16. cxd5 a6 17. h4 Ne5 18.
O-O-O b5 19. d6 c4 20. Qc2 Bd8 21. Qe4 Nbc6 22. d7 Qb8 23. h5 b4 24. Nd5 Ne7
25. hxg6 N7xg6 26. f4 Nxd7 27. Bxc4 Bb6 28. Ne7+ {1-0 Bruzon Bautista,
L-Willemze,T/Oropesa del Mar 1998/CBM 067 ext (28)}) 10... Nbd7 11. g4 $6 (11.
O-O $14 {()}) 11... Bg6 12. Ne5 (12. O-O-O $13) 12... Nxe5 13. dxe5 Nd7 14. f4
$13 {(1/2-1/2 Korneev,O-Tiviakov,S/Khanty-Mansiysk (blitz) 2005)} Bh4+ (14...
O-O $13) 15. Kf1 (15. Kd2 O-O (15... Qd8 $2 16. Kc1 Qc8 17. Rf1 $16) 16. Rad1
$13 {/\Kc1}) 15... O-O 16. Kg2 $13) 6... c6 7. h3 Bh5 8. c4 Qd8 9. Nc3 Be7 10.
Bf4 O-O 11. a3 Nbd7 (11... a5 $146 12. Re1 Re8 13. Ne5 Bxe2 14. Rxe2 Na6 15.
Rd2 $14 {1/2-1/2 Korneev,O-Tiviakov,S/Khanty-Mansiysk (blitz) 2005 (40)}) (
11... Bd6 12. Qd2 (12. Ne5 Bxe2 13. Qxe2 $14) 12... Bxf3 13. Bxf3 Bxf4 14. Qxf4
Nbd7 15. Rfd1 Qb8 16. Qh4 Rd8 17. Rd2 Nf8 18. Rad1 Ng6 19. Qg5 Qf4 20. Qxf4
Nxf4 21. b4 Rac8 22. Kf1 h5 23. h4 Ng6 24. g3 Ne7 25. a4 Rc7 26. a5 Rcd7 27.
Na4 Nf5 28. Nc5 Rxd4 29. Nxb7 Rxd2 30. Nxd8 Rc2 31. Nxc6 Rxc4 32. b5 Rc3 33.
Kg2 e5 34. Nxa7 e4 35. Be2 e3 36. b6 exf2 37. Rd8+ Kh7 38. Bd3 {1-0 Lorenzini,
M-Madina,M/Alicante 2001/CBM 085 ext (38)}) 12. Ne5 $146 (12. Qd2 $6 Bxf3 $1 (
12... Nb6 13. b3 a5 $14 14. Rfd1 Re8 15. g4 Bg6 16. Ne5 Nfd7 17. Nxg6 hxg6 18.
Ne4 Nf8 19. g5 Nc8 20. c5 f5 21. Nc3 Qd7 22. Bc4 b5 23. Bf1 Bd8 24. Bg2 Ra7 25.
Bb8 Rb7 26. Be5 Na7 27. h4 {1/2-1/2 Babula,M-Popchev,M/Marianske Lazne CZE
2005/CT-1547 (27)}) 13. Bxf3 e5 $11) 12... Bxe2 13. Qxe2 Re8 (13... Nxe5 14.
dxe5 Nd7 $14 {()}) 14. Rad1 Qb6 (14... Nf8 $5 {/\Ng6}) 15. Rfe1 Qa6 (15... Rad8
$142 $14) 16. g4 $5 $36 (16. Nxd7 Nxd7 17. d5 $14 {|^}) 16... Nf8 (16... h6 $5)
17. g5 N6d7 18. Nxd7 Nxd7 19. d5 $1 e5 $6 (19... Bf8 $142 20. d6 $14) 20. d6
Bf8 21. Be3 $16 b6 (21... e4 22. c5 Qa5 $140 23. Qc4 $1 Ne5 24. Qxe4) (21... c5
22. Nb5 $18) 22. Ne4 Re6 (22... c5 23. b4 $16) 23. c5 $2 (23. b4 $1 $16 Qxa3
$140 $4 24. Ra1 Qxb4 25. Reb1 $18 {ףb4}) 23... Qxe2 24. Rxe2 f5 $1 25. gxf6
gxf6 26. b4 f5 27. Nc3 $13 {_|_} 1/2-1/2

[Event "Pamplona 15th"]
[Site "Pamplona"]
[Date "2005.12.24"]
[Round "2"]
[White "Cheparinov, Ivan"]
[Black "Tiviakov, Sergei"]
[Result "1/2-1/2"]
[WhiteElo "2618"]
[BlackElo "2700"]
[Annotator "Tiviakov,S"]
[PlyCount "65"]
[EventDate "2005.12.23"]
[EventType "tourn"]
[EventRounds "7"]
[EventCountry "ESP"]
[EventCategory "16"]
[SourceTitle "CBM 111"]
[Source "ChessBase"]
[SourceDate "2006.04.04"]
[SourceVersion "1"]
[SourceVersionDate "2006.04.04"]
[SourceQuality "1"]

1. e4 d5 2. exd5 Qxd5 3. Nc3 Qd6 4. d4 Nf6 5. Nf3 a6 6. a3 $5 Nbd7 7. Bd3 $146
(7. g3 $5 e6 (7... b5 $5) (7... Nb6 $5) 8. Bg2 (8. Bf4 Qb6 $11) 8... c5 (8...
Be7 9. O-O O-O 10. Re1 $14) (8... Qb6 $5 9. O-O Bd6) 9. O-O (9. Bf4 Qb6 10. O-O
$5 $36) 9... cxd4 10. Nxd4 Be7 11. Be3 (11. Bf4 $14) 11... O-O 12. Qe2 $14 (12.
b4 $6 {(><c4)} Qc7 $11 (12... Nb6 $6 13. Nc6 $1 (13. Qe2 Qc7 $11 14. Na2 Bd7
15. Rfd1 Rac8 16. Bf4 Qc4 17. Qxc4 Nxc4 18. Bxb7 e5 19. Bxa6 exf4 20. Bxc8 Rxc8
21. Nc1 Nd5 22. Ndb3 Ndb6 23. Nd3 Bf6 24. Ra2 Na4 25. Nxf4 Nc3 26. Rxd7 Nxa2
27. Ra7 Bb2 28. Nd5 Kf8 29. Nc5 g6 30. a4 Bd4 31. Nd7+ Kg7 32. Rb7 Nd6 33. Rb8
Rxc2 34. Ne3 Bxe3 35. fxe3 Rb2 36. b5 Nc3 37. Ra8 Ra2 38. Ra6 Nc4 39. b6 Nxe3
40. b7 Rg2+ {0-1 Boder,K-Zawadzka,M/Straszecin 1999/EXT 2002 (40)}) 13... bxc6
14. Qxd6 Bxd6 15. Bxb6 $14 {_|_}))) 7... g6 (7... e6) 8. O-O Bg7 9. Re1 (9. Qe2
) 9... O-O 10. Qe2 e6 $6 {(>< /^a3-f8)} (10... Re8 $142) 11. b4 $5 (11. Ne4
Nxe4 (11... Qe7 12. Bg5 $14 (12. Bf4 $14)) 12. Qxe4 c5 13. c3 cxd4 14. cxd4 $36
) 11... b5 $1 (11... b6 12. Ne4 Nxe4 (12... Qc6 13. c4) 13. Qxe4 $14) 12. a4 (
12. Ne4 Nxe4 13. Bxe4 (13. Qxe4 Nb6 $13 (13... Rb8 $5)) 13... Rb8 {/\Nb6, Bb7,
><d5, c4}) 12... bxa4 $8 (12... Qxb4 13. axb5 $3 (13. Bd2 bxa4 14. Nb5 Qe7 15.
Nxc7 (15. Rxa4 $2 Nb6 16. Bb4 Qd8 17. Bxf8 Bxf8 18. Nc3 Nxa4 19. Nxa4 Bb7 $19)
15... Ra7 16. Nxa6 Bxa6 17. Bxa6 a3 $14) 13... Bb7 (13... Qxc3 14. Bd2 Qb2 15.
Qf1 $16 {/\Reb1, ףb2}) 14. Bd2 Bxf3 (14... axb5 15. Nxb5 Bxf3 (15... Qe7 16.
Nxc7 Rxa1 $18) 16. gxf3 Qe7 17. Rxa8 Rxa8 18. Nxc7 $16) 15. Qxf3 Qxd4 16. bxa6
$16 {o^a6}) (12... Bb7 13. axb5 Bxf3 (13... Qxb4 {- 12...Qb4 13.ab Bb7}) (13...
axb5 14. Nxb5 $18) 14. Qxf3 Qxd4 15. Bd2 $1 Ne5 16. Rxe5 Qxe5 17. bxa6 $16 {
(o^a6)} Nd5 $140 18. Re1 $1) 13. Ba3 (13. Nxa4 $142 Bb7 14. c3 Bxf3 (14... Nd5
$5) 15. Qxf3 e5 16. Be3 (16. Nc5 exd4 17. Bf4 Qd5 $1 18. Nxd7 (18. Qxd5 Nxd5
19. Nxd7 Nxf4 $11) 18... Qxd7 19. c4 $44 (19. Be5 Nd5 $1)) 16... Nd5 (16...
Rfe8 $5) (16... Rae8 $5) 17. Be4 c6 $14) 13... Qc6 14. Ne4 (14. Qd2 $5 $44 {|^}
) (14. Bb2 Nb6 $13) 14... Rd8 15. b5 (15. c4 $44) (15. Nxf6+ Nxf6 16. b5 (16.
Ne5 $44) 16... axb5 {- 15.b5 ab 16.Nf6 Nf6}) 15... axb5 16. Be7 $2 (16. Nxf6+
$142 Nxf6 17. Bxb5 Qb7 (17... Qc3 18. Be7 $44) 18. Ne5 $44) 16... Ba6 $1 17.
Bxd8 (17. Nxf6+ Nxf6 18. Ne5 (18. Bxd8 Rxd8 {- 17.Bd8 Rd8 18.Nf6 Nf6}) 18...
Qe8 (18... Qd5 $15) 19. Bxd8 Rxd8 $15) 17... Rxd8 18. Nxf6+ (18. Ne5 Nxe5 19.
Nxf6+ Bxf6 20. dxe5 Be7 $17) 18... Nxf6 19. Reb1 (19. Ne5 Qe8 $15 (19... Qd5
$15) (19... Qb6 $15)) 19... Nd5 $1 (19... Rd5 $15) 20. Bxb5 $8 Nc3 21. Bxc6
Bxe2 22. Rb7 (22. Rb4 Bxf3 23. Bxf3 Bxd4 24. Rbxa4 Nxa4 25. Rxa4 $17 {_|_ ^-})
22... Bxf3 23. Bxf3 Bxd4 24. Ra3 Be5 (24... e5 $142 25. Kf1 $8 e4 26. Be2 Be5
27. Ke1 $17 (27. f4 $5)) 25. Kf1 $8 Rd2 (25... c5 $5) (25... Kg7 $5) 26. Rb2 $8
c5 (26... Rd6 $142 27. Rb4 (27. Ke1 Rb6 28. Rxb6 cxb6 29. Bc6 b5 $17) (27. Rb8+
Kg7 28. Ke1 Rb6 29. Rb7 $17) 27... Rb6 28. Raxa4 (28. Rxb6 cxb6 29. Bc6 b5 30.
Rxc3 Bxc3 31. Bxb5 a3 32. Bc4 $17) 28... Nxa4 29. Rxa4 $17) 27. Ke1 Rd4 $2 (
27... Rd8 $142 $17) 28. Rb7 $1 Rb4 29. Bc6 $1 $11 h5 30. h3 h4 31. Rxb4 (31.
Ra1 $5 $13) 31... cxb4 32. Rxa4 Nxa4 33. Bxa4 {^-} 1/2-1/2

[Event "Hastings 9697"]
[Site "Hastings"]
[Date "1996.12.??"]
[Round "7"]
[White "Nunn, John DM"]
[Black "Conquest, Stuart"]
[Result "1-0"]
[WhiteElo "2605"]
[BlackElo "2585"]
[Annotator "Wahls,M"]
[PlyCount "63"]
[EventDate "1996.12.??"]
[EventType "tourn"]
[EventRounds "9"]
[EventCountry "ENG"]
[EventCategory "13"]
[SourceTitle "CBM 057"]
[Source "ChessBase"]
[SourceDate "1997.04.01"]
[SourceVersion "1"]
[SourceVersionDate "1997.04.01"]
[SourceQuality "1"]

1. e4 d5 2. exd5 Qxd5 3. Nc3 Qa5 4. d4 Nf6 5. Nf3 c6 6. Bd2 Bf5 7. Bc4 e6 8.
Ne4 $5 {[#] vgl. M.Wahls:Survey B01/8.Ne4/CBM 57. Hier stehen die konkrete
Varianten.  Wenn es im Skandinavier überhaupt ein Abspiel gibt,was den Titel
"Modevariante" verdient,dann wohl am ehesten jenes mit 8.Se4.Abgesehen von
einer Partie aus dem Jahre 1987 datieren alle Partien dieser Übersicht aus
1994 oder späteren Jahren.Interessant ist auch,daß es vor allem starke Spieler
sind,die sich von dieser Spielidee angezogen fühlen.Worin aber besteht nun
diese Idee? Also,genaugenommen sind es gleich mehrere.Je nach Rückzugsart der
schwarzen Dame schlägt der Springer entweder auf f6,um die gegnerische
Bauernstellung zu schwächen,oder wandert nach g3,von wo er den schwarzen
Damenläufer attackiert.Läßt sich dieser dann nach g6 zurückfallen,so ist er
dort zusätzlichen Belästigungen in Gestalt von h4-h5 oder Sf3-e5 ausgesetzt.
Ein weitere Aspekt von 8.Se4,und zwar einer von prinzipieller Bedeutung, ist
die dadurch gewonnene Mobilität des weißen c-Bauern.Er kann fortan zur
Stützung seines Nachgbarn nach c3 gezogen werden,oder auch nach c4,um von dort
direkt Einfluß auf das Zentrum zu nehmen.Bei all diesen Vorzügen von 8.Se4
liegt es nahe,daß Schwarz ausgesprochen präzise vorgehen muß,um auszugleichen.}
Qc7 (8... Qd8 $6 {Dieser Zug,mit dem die Dame das berühmte "skandinavische
Dreieck"(d8-d5-a5-d8) beschreibt,ist vor allem gegen 9.Sf6?! gerichtet.Nach 9..
Df6! mit der Idee 10..Lg4 oder 10..Sd7 wäre die Stellung ausgeglichen,da 10.
Se5 sehr stark mit 10..Sd7! 11.Sd7?Dd4! beantwortet wird.Natürlich wählt Weiß
nun den anderen der beiden oben skizzierten Pläne.} 9. Ng3 {Hiernach erweißt
sich der Rückzug 8..Dd8?! als entwicklungstechnisch kontraproduktiv.Schwarz
hat nun die Wahl sich entweder mit 9..Lg4 von seinem Läuferpaar zu trennen,
oder nach 9..Lg6 eine gefährliche Initiative zuzulassen.}) (8... Qb6 $5 {
Ein beachtenswerter Versuch die Initiative ansichzureißen.Weiß ist nun
gezwungen über die Zukunft seines b-Bauern nachzudenken.} 9. Nxf6+ gxf6 {[#]} {
Vernünftig sieht} 10. Bb3 {aus.Schwarz könnte hierauf mit 10..Tg8,10..Sd7(Idee
0-0-0) oder mit} a5 {antworten:} 11. c4 (11. a4 Na6 {mit der Idee Sb4}) 11...
Rg8 (11... a4 $6 12. Bc2 Bxc2 13. Qxc2 a3 14. Rb1 $1 axb2 15. Rxb2 Qa6 16. O-O)
12. g3 Nd7 13. O-O Bg4) 9. Nxf6+ (9. Ng3 {Im Vergleich zu 8..Dd8?! 9.Sg3
besitzt Schwarz nun ein wertvolles Mehrtempo.}) 9... gxf6 10. Qe2 $5 {[#]Nunn
verzichtet auf das vorbereitende 10.c3 und bereitet ohne jede Verzögerung die
lange Rochade vor.} (10. Nh4 Bg6 11. f4 $5 {Das weiße Spiel ist an
Geradlinigkeit kaum zu übertreffen!Trotzdem hätte Schwarz jetzt mit} f5 $1 {
eine aussichtsreiche Stellung erreichen können.} 12. Be2 {Diese Manöver kostet
Zeit, doch andernfalls wird der zeitweilig leblose Lg6 durch das Manöver
Sd7-f6,Lh5 einfach reanimiert!} Nd7 13. Bf3 O-O-O 14. c3 (14. Qe2 Qb6 15. Bc3
Bg7 16. O-O-O Nf6 {nebst Sd5}) 14... c5 $132 (14... Be7 15. g3) 15. Be3 Nb6 16.
Qe2 Nd5 17. Bxd5 (17. O-O Nxe3 18. Qxe3 cxd4 19. cxd4 Qb6) 17... Rxd5 18. O-O
Be7 19. g3 $2 Bxh4 20. gxh4 Rg8 21. Kh1 (21. Kf2 Qd8) 21... Qc6 22. Qf3 $2 Bh5
$1 23. Qxh5 Rg4 $19) (10. c3 Nd7 11. Qe2 {Im Informator 67 taxiert Psakhis
diese Stellung als leicht vorteilhaft für Weiß.Ich habe da so meine Zweifel.}
O-O-O 12. Nh4 Bg6 13. g3 c5 $1 {ist mit Abstand die aktivste Fortsetzung und
zwingt Weiß zu umsichtigem Spiel:}) 10... Nd7 $6 {Da Schwarz nichts gegen die
weiße Absichts unternimmt wird er bald Probleme bekommen.Laut Nunn hätte hier
unbedingt} (10... Bxc2 $1 {geschehen müssen:} 11. O-O (11. Rc1 Bg6 12. d5 cxd5
13. Bxd5 Nc6 {ist unbefriedigend für Weiß (Nunn)} 14. Bxc6+ (14. Nd4 Nxd4)
14... bxc6 15. Nd4 c5 16. Qb5+ Qd7) 11... Bg6 {stellt gemäß Nunn die für
Schwarz beste Verteidigung dar.Nach} (11... Qd7 {Schwarz verhindert den
Zentrumsdurchbruch,bleibt aber in der Entwicklung zurück.} 12. Bc3 Bg6 13. d5
cxd5 14. Bxf6 dxc4 (14... Rg8 15. Bxd5) 15. Ne5 Bd3 16. Qh5 Qc7 17. Bxh8 Bxf1
18. Rxf1 $14 {Nunn}) 12. d5 cxd5 13. Bxd5 Nc6 {besitzt Weiß zwar einen
beträchtlichen Entwicklungsvorsprung,jedoch keine Möglichkeit ihn direkt
auszunutzen.}) 11. O-O-O (11. Bb3 $5 {hätte laut Nunn nach 11..0-0-0 durch
Zugumstellung zur Partie geführt,dabei aber die schwarzen Alternativen zum 11.
Zug ausgeschaltet.Er hält diese abweichenden Möglichkeiten jedoch für
ungefährlich.}) 11... O-O-O (11... Nb6 12. Bb3 a5 (12... c5 13. Nh4 c4 14. Nxf5
cxb3 15. axb3 O-O-O 16. Ne3 Rxd4 17. Bc3 Rxd1+ 18. Rxd1 Be7 19. Qh5) 13. a3 a4
14. Ba2 Nd5 15. g3 {Idee c4/Nunn}) (11... b5 12. Bd3 Bxd3 13. Qxd3 O-O-O 14.
Qe4 {und dem schwarzen König fehlt ein sicherer Unterschlupf.Nunn}) 12. Nh4 Bg6
13. Bb3 {[#]} Bd6 {Conquest verpasst den Moment c6-c5 durch zusetzen.Seine
Lage wird nun kritisch.Um dies bessser zu verstehen sind ein paar prinzipielle
Gedanken zur schwarzen Struktur vonnöten:durch die Verdoppelung des f-Bauern
hat die schwarze Stellung an dynamischen Potential hinzugewonnen.Dies ist
allerdings nur dann relevant,wenn das Potential auch in aktuelle
Stellungsvorteile umgewandelt werden kann.Im vorliegenden Fall ist es aber
weder möglich die halboffene g-Linie für einen Angriff gegen den kurz
rochierten König zu nutzen,noch einen im Zentrum steckengebliebenen Monarchen
mit dem öffnenden Vorstoß e6-e5 zu ängstigen.Der raumgreifende Zug f6-f5
schließlich verbietet sich wegen der dann unglücklichen Position des Läuzfers
g6.(Für diesen Plan müßte der weiße Springer auf f3 und der schwarze Läufer
auf g4 plaziert sein.)Was noch bleibt wäre der schon angesprochene
Befreiungsschlag c6-c6,der nun jedoch stets mit d4-d5 gekontert wird.Schwarz
fehlt es also folglich an Kompensation für seine geschwächte Bauernstruktur.
Wie aber kann man c5 spielen,ohne mit d4-d5 weißfeldrig ausgehebelt zu
werden?Auf 13..Sb6 folgt sehr stark 14.Df3,was sich die Schwäche von f6
zunutzemacht.Nach 14..Lg7 15.Lf4 Dd7 16.The1 Sd5 17.Lg3 konstatiert Nunn
weißen Vorteil.Meiner Meinung nach muß Schwarz unverzüglich mit} (13... c5 $1 {
zur Sache gehen,und sich dabei taktischer Methoden bedienen:} 14. d5 (14. Be3
cxd4 (14... Nb6 15. dxc5 Bxc5 16. g3 $14) 15. Rxd4 Bc5 16. Rdd1 (16. Rc4 Kb8
17. Bf4 e5 18. Be3 Qb6 19. Rc3 Bxe3+ 20. Rxe3 Nc5 21. Nxg6 fxg6) 16... Bxe3+
17. Qxe3 Nc5 18. Bc4 $5 Bh5 $5 {und Schwarz spielt munter mit.}) 14... Nb6 $1 {
Die Pointe} 15. Nxg6 (15. dxe6 $2 c4) (15. Ba5 $4 Qf4+) 15... hxg6 16. Ba5 e5 (
16... Qf4+ 17. Kb1 (17. Bd2 Qc7)) 17. c4 Bd6 18. h4 (18. Bc2 Rh4) 18... f5 {
und Schwarz kann mit dem Ereichten zufrieden sein.}) 14. g3 $1 Rhe8 (14... Nb6
15. c4 c5 16. dxc5 Bxc5 17. Bc3 e5 18. Rhe1 (18. Bc2 $2 Nxc4)) (14... c5 15. d5
Nb6 16. Ba5 {Anders als bei 13..c5! ist Weiß keinesfalls dazu genötigt,mit 16.
Sg6 die schwarze Bauernstellung zu korrigieren!}) 15. Rhe1 f5 $2 {Ein eher
verzweifelter Versuch mittels Sf6-e4 Aktivität zu entfalten.Der Läufer g6
erhält nun den Status eines Großbauerns.Abwarten und Tee trinken wäre
sicherlich besser gewesen.} 16. Ng2 Kb8 $2 {Schwarz ist nicht in der Lage den
beabsichtigten Plan auszuführen.Nunn gibt folgende Variante:} (16... Nf6 17.
Bg5 Be7 18. Bxe6+ fxe6 19. Qxe6+ Kb8 20. Bxf6 Rd6 21. Qxe7 Rxe7 22. Rxe7 $18) (
{Seines Erachtens war} 16... c5 $1 17. d5 e5 18. Ba4 f6 19. c4 {mit weißem
Vorteil immer noch die beste schwarze Möglichkeit.}) 17. Bf4 f6 {Auf f7 wäre
der Läufer zwar nicht gerade ein Ausbund an Aktivität,aber könnte immerhin
noch den Anschein von Lebendigkeit wahren.} 18. Bxe6 $1 $18 {John Nunn ist
wahrlich kein Spieler,der sich durch ein Gefühl vager Angst von taktischen
Operationen abhalten ließe.Nach gründlicher Antizipationsarbeit gibt es nur
wenige Abenteuer die er verschmäht.} (18. Bxd6 $2 Qxd6 19. Nf4 Bf7 20. Nxe6 $2
Bxe6 21. Bxe6 Nf8 {Nunn}) 18... Nf8 (18... Bf7 19. Qc4 Nb6 20. Qb3 {Nunn}) 19.
Qc4 Bh5 (19... Nxe6 20. Rxe6 Bxf4+ (20... Qf7 21. Rxd6) (20... Bf7 21. Rxd6
Rxd6 22. Qb4 $18) 21. Nxf4 Bf7 22. d5 Bxe6 23. Nxe6 Qd6 24. Nxd8 Rxd8 25. Qd3
Qxd5 26. Qxd5 cxd5 27. Rd4 $18 {Nunn}) 20. Rd3 Nxe6 (20... b5 21. Qb3 Nxe6 22.
Rxe6 Rxe6 23. Qxe6 Bxf4+ 24. Nxf4 Re8 25. Qb3 Re1+ 26. Kd2 Rd1+ 27. Kc3 Bf7 28.
Qb4 $18 {Nunn}) 21. Rxe6 Rxe6 22. Qxe6 Bxf4+ 23. Nxf4 Re8 24. Qxf5 Re1+ 25. Kd2
Rd1+ 26. Kc3 Bg4 27. Qc5 Ra1 28. Re3 Bc8 29. Re7 Qd8 30. Ne6 Bxe6 31. Rxe6 Rxa2
32. Qd6+ 1-0